RFLP mapping of a major bruchid resistance gene in mungbean (Vigna radiata, L. Wilczek) (Record no. 67012)

MARC details
000 -LEADER
fixed length control field 00469nam a2200169Ia 4500
100 ## - MAIN ENTRY--AUTHOR NAME
Personal name Young N D
245 #0 - TITLE STATEMENT
Title RFLP mapping of a major bruchid resistance gene in mungbean (Vigna radiata, L. Wilczek)
260 ## - PUBLICATION, DISTRIBUTION, ETC. (IMPRINT)
Name of publisher Theoretical and Applied Genetics
Year of publication 1992
300 ## - PHYSICAL DESCRIPTION
Number of Pages 839-844
650 ## - SUBJECT ADDED ENTRY--TOPICAL TERM
Topical Term Collasobruchus
650 ## - SUBJECT ADDED ENTRY--TOPICAL TERM
Topical Term DNA markers
650 ## - SUBJECT ADDED ENTRY--TOPICAL TERM
Topical Term Insect
650 ## - SUBJECT ADDED ENTRY--TOPICAL TERM
Topical Term Legume
650 ## - SUBJECT ADDED ENTRY--TOPICAL TERM
Topical Term RFLP
942 ## - ADDED ENTRY ELEMENTS (KOHA)
Koha item type Journals
Holdings
Withdrawn status Lost status Damaged status Not for loan Home library Current library Date acquired Serial Enumeration / chronology Koha item type
      Journals RRII Library RRII Library 17/12/2021 Volume 84, Issue 08-Jul Journals